00438nam a2200157 i 450000100060000000300090000600500170001500700030003200800410003513000230007624500790009926000370017830000200021570000240023585200210025992238ES-MaACL20230906180926.0t|050223s1957 xxu ||||1| eng d0 aLibro de Apolonio.10aLibro de Apolonio b: an old spanish poem / cEdited by C. Carroll Marden. aMacon : bProtab Freres, c1957. a2 v. ; c17 cm.0 aMarden, C. Carroll. aES-MaACLjF-2651